Capital Cities Without Their Countries’ Letters - Statistics

General Stats
  • This quiz has been taken 21 times
  • The average score is 4 of 8
Answer Stats
Answer % Correct
Cairo
79%
Tokyo
79%
Lima
68%
Rome
58%
Vaduz
47%
Suva
42%
Montevideo
21%
Sucre
16%
No matching quizzes found
Score Distribution
Percent of People with Each Score
Percentile by Number Answered
Your Score History
You have not taken this quiz